Statistics for General chemisty

Click here to take the quiz!

General Stats

  • This quiz has been taken 193 times
  • The average score is 9 of 12

Answer Stats

HintAnswer% Correct
What is the chemical symbol for Hydrogen?H
100%
What is the chemical symbol for Gold?AU
91%
The combination of protons and nuetron form what at the center of an atom?Nucleus
88%
This element make up roughly 78% of Earth's atmosphereNitrogen
87%
What is measure of acidity or alkalinity of a substance?PH
80%
Iron and Carbon combine to form this stong metal?Steel
78%
This chemical compound is esential for life on EarthWater
70%
This element is commonly found in nuclear reactors acting as a fuel sourceUranium
69%
These gases on the periodic table are highly un-reactiveNoble gases
58%
What is the outermost shell of an atom called?Valence
44%
The famous Philosopher's stone was said to be capable of turning this heavy metal into gold?Lead
44%
What is the most electrically conductive element?Silver
42%

Score Distribution

Percentile by Number Answered

Percent of People with Each Score

Your Score History

You have not taken this quiz